Thermodynamics : An engineering approach

में बचाया:
ग्रंथसूची विवरण
मुख्य लेखक: Cengel, Yunus A.
स्वरूप: पुस्तक
भाषा:Undetermined
प्रकाशित: New York McGraw-Hill 2002
विषय:
टैग : टैग जोड़ें
कोई टैग नहीं, इस रिकॉर्ड को टैग करने वाले पहले व्यक्ति बनें!
Thư viện lưu trữ: Trung tâm Học liệu Trường Đại học Cần Thơ
LEADER 00541nam a2200205Ia 4500
001 CTU_65564
008 210402s9999 xx 000 0 und d
020 |c 2056000 
082 |a 621.4021 
082 |b C395 
100 |a Cengel, Yunus A. 
245 0 |a Thermodynamics : 
245 3 |b An engineering approach 
245 0 |c Yunus A. Cengel, Michael A. Boles 
260 |a New York 
260 |b McGraw-Hill 
260 |c 2002 
650 |a Thermodynamics 
904 |i TUYẾN 
980 |a Trung tâm Học liệu Trường Đại học Cần Thơ